[Event "Ruhrgebiet Verbandsliga Gruppe 1 1819"]
[Site "Nordrheinwestfalen"]
[Date "2019.05.05"]
[Round "9.8"]
[White "Drawe, Thomas"]
[Black "Zwielich, Frank"]
[Result "1/2-1/2"]
[WhiteElo "1836"]
[BlackElo "1933"]
[PlyCount "35"]
[EventDate "2018.09.23"]
[EventType "team-tourn"]
[EventRounds "9"]
[EventCountry "GER"]
[SourceTitle "EXT 2022"]
[Source "ChessBase"]
[SourceDate "2021.10.06"]
[SourceVersion "1"]
[SourceVersionDate "2021.10.06"]
[SourceQuality "1"]
[WhiteTeam "Altenessen"]
[BlackTeam "Sodingen/Castrop SK II"]
[WhiteTeamCountry "GER"]
[BlackTeamCountry "GER"]

1. c4 e5 2. g3 d6 3. Bg2 g6 4. d3 Bg7 5. Nf3 Ne7 6. 0-0 0-0 7. Nc3 c6 8. Rb1 f5 9. Bg5 Be6 10. Qd2 d5 11. cxd5 cxd5 12. Bxe7 Qxe7 13. Ng5 e4 14. dxe4 dxe4 15. Nd5 Bxd5 16. Qxd5+ Kh8 17. Ne6 Re8 18. Nxg7 1/2-1/2

[Event "Ruhrgebiet Verbandsliga Gruppe 1 1819"]
[Site "Nordrheinwestfalen"]
[Date "2019.03.10"]
[Round "7.8"]
[White "Drawe, Thomas"]
[Black "Buechle, Manfred"]
[Result "1-0"]
[WhiteElo "1830"]
[BlackElo "1766"]
[PlyCount "57"]
[EventDate "2018.09.23"]
[EventType "team-tourn"]
[EventRounds "9"]
[EventCountry "GER"]
[SourceTitle "EXT 2022"]
[Source "ChessBase"]
[SourceDate "2021.10.06"]
[SourceVersion "1"]
[SourceVersionDate "2021.10.06"]
[SourceQuality "1"]
[WhiteTeam "Altenessen"]
[BlackTeam "Brackel SF II"]
[WhiteTeamCountry "GER"]
[BlackTeamCountry "GER"]

1. c4 e6 2. g3 d5 3. Bg2 Nf6 4. Nf3 Be7 5. 0-0 0-0 6. b3 c5 7. Bb2 Nc6 8. e3 a6 9. d4 dxc4 10. bxc4 cxd4 11. exd4 Qc7 12. Nbd2 Rd8 13. Qc2 Rb8 14. Rfd1 b6 15. a3 Bb7 16. Rac1 Na5 17. Ne5 Bxg2 18. Kxg2 Rbc8 19. Kg1 Nd7 20. Nd3 Bg5 21. f4 Bf6 22. Nb4 Nb8 23. d5 exd5 24. Bxf6 gxf6 25. Qf5 dxc4 26. Ne4 Rxd1+ 27. Rxd1 Kf8 28. Qxf6 Kg8 29. Nd5 1-0

[Event "Ruhrgebiet Verbandsliga Gruppe 1 1819"]
[Site "Nordrheinwestfalen"]
[Date "2018.12.02"]
[Round "4.8"]
[White "Dreesbach, Harald"]
[Black "Drawe, Thomas"]
[Result "1/2-1/2"]
[WhiteElo "1754"]
[BlackElo "1830"]
[PlyCount "45"]
[EventDate "2018.09.23"]
[EventType "team-tourn"]
[EventRounds "9"]
[EventCountry "GER"]
[SourceTitle "EXT 2022"]
[Source "ChessBase"]
[SourceDate "2021.10.06"]
[SourceVersion "1"]
[SourceVersionDate "2021.10.06"]
[SourceQuality "1"]
[WhiteTeam "Ahlen SV"]
[BlackTeam "Altenessen"]
[WhiteTeamCountry "GER"]
[BlackTeamCountry "GER"]

1. d4 Nf6 2. Nf3 g6 3. e3 Bg7 4. Bd3 0-0 5. Nbd2 b6 6. Qe2 Bb7 7. c3 e6 8. 0-0 d5 9. Re1 c5 10. dxc5 bxc5 11. e4 Nc6 12. Bc2 Rc8 13. Nf1 Qb6 14. Ng3 d4 15. cxd4 cxd4 16. a3 Rfd8 17. Rb1 e5 18. b4 Qc7 19. Bd3 Nd7 20. Qa2 Nb6 21. Bg5 Rf8 22. a4 Qd6 23. Bd2 1/2-1/2

[Event "Ruhrgebiet Verbandsklasse Gruppe 1 1617"]
[Site "Germany"]
[Date "2017.01.29"]
[Round "6.4"]
[White "Sokalskaja, Elena"]
[Black "Drawe, Thomas"]
[Result "1-0"]
[WhiteElo "1925"]
[BlackElo "1882"]
[PlyCount "29"]
[EventDate "2016.09.04"]
[EventType "team-tourn"]
[EventRounds "9"]
[EventCountry "GER"]
[SourceTitle "EXT 2022"]
[Source "ChessBase"]
[SourceDate "2021.10.06"]
[SourceVersion "1"]
[SourceVersionDate "2021.10.06"]
[SourceQuality "1"]
[WhiteTeam "Muelheim Nord IV"]
[BlackTeam "Altenessen"]
[WhiteTeamCountry "GER"]
[BlackTeamCountry "GER"]

1. d4 Nf6 2. Nf3 e6 3. g3 c5 4. Bg2 Nc6 5. 0-0 d5 6. c4 dxc4 7. Qa4 Qa5 8. Qxc4 Qb4 9. Qxb4 Nxb4 10. Na3 a6 11. Nc4 Nbd5 12. Re1 b5 13. Nce5 Bb7 14. Ng5 Bd6 15. Nexf7 1-0

[Event "Ruhrgebiet Verbandsklasse Gruppe 1 1617"]
[Site "Germany"]
[Date "2016.09.04"]
[Round "1.4"]
[White "Kraus, Kilian"]
[Black "Drawe, Thomas"]
[Result "1/2-1/2"]
[WhiteElo "1753"]
[BlackElo "1882"]
[PlyCount "57"]
[EventDate "2016.09.04"]
[EventType "team-tourn"]
[EventRounds "9"]
[EventCountry "GER"]
[SourceTitle "EXT 2022"]
[Source "ChessBase"]
[SourceDate "2021.10.06"]
[SourceVersion "1"]
[SourceVersionDate "2021.10.06"]
[SourceQuality "1"]
[WhiteTeam "Oberhausen SV III"]
[BlackTeam "Altenessen"]
[WhiteTeamCountry "GER"]
[BlackTeamCountry "GER"]

1. d4 e6 2. c4 Nf6 3. Nc3 d5 4. Bg5 Be7 5. e3 0-0 6. Nf3 Nbd7 7. Rc1 h6 8. Bh4 c6 9. Qc2 Ne8 10. Bg3 Nd6 11. c5 Nf5 12. Bf4 Re8 13. Bd3 Nh4 14. Nxh4 Bxh4 15. 0-0 e5 16. Bxe5 Nxe5 17. dxe5 Rxe5 18. Rfd1 Bg4 19. Be2 Bxe2 20. Nxe2 Qc7 21. Nd4 g6 22. Nf3 Re4 23. Rd4 Rxd4 24. exd4 Bf6 25. Re1 Qa5 26. a3 Kg7 27. Qc1 Qc7 28. b4 a5 29. Qc2 1/2-1/2

[Event "Ruhrgebiet Verbandsklasse Gruppe 3 1516"]
[Site "Germany"]
[Date "2016.03.20"]
[Round "8.4"]
[White "Parado, Dominado"]
[Black "Drawe, Thomas"]
[Result "1/2-1/2"]
[WhiteElo "1893"]
[BlackElo "1870"]
[PlyCount "92"]
[EventDate "2015.09.06"]
[EventType "team-tourn"]
[EventRounds "9"]
[EventCountry "GER"]
[SourceTitle "EXT 2022"]
[Source "ChessBase"]
[SourceDate "2021.10.06"]
[SourceVersion "1"]
[SourceVersionDate "2021.10.06"]
[SourceQuality "1"]
[WhiteTeam "Recklinghausen Sued"]
[BlackTeam "Altenessen"]
[WhiteTeamCountry "GER"]
[BlackTeamCountry "GER"]

1. Nf3 g6 2. d4 Bg7 3. e4 d6 4. Nc3 c6 5. Be3 Nd7 6. Qd2 Qc7 7. 0-0-0 Ngf6 8. e5 Ng4 9. exd6 Qxd6 10. Bf4 Qb4 11. h3 Ngf6 12. Bh6 0-0 13. Bxg7 Kxg7 14. h4 h5 15. Ng5 Nd5 16. g4 Nxc3 17. Qxc3 Qxc3 18. bxc3 hxg4 19. Re1 Re8 20. Bc4 e6 21. h5 gxh5 22. Rxh5 Nf6 23. Rh4 Bd7 24. Reh1 Kf8 25. f3 gxf3 26. Nxf3 Ke7 27. Ne5 Rf8 28. Rf1 Be8 29. Rhf4 Nd7 30. Nf3 Rg8 31. Nd2 Nb6 32. Bd3 Nd5 33. R4f3 Nxc3 34. Kb2 Nd5 35. Ne4 f5 36. Nc5 b6 37. Na6 Nf6 38. Re1 Bd7 39. Bxf5 Raf8 40. Bxe6 Bxe6 41. Rfe3 Kd7 42. Rxe6 Re8 43. Nb8+ Rxb8 44. Rxf6 Rbf8 45. Rh6 Rh8 46. Rg6 Rhg8 1/2-1/2

[Event "Ruhrgebiet Verbandsklasse Gruppe 3 1516"]
[Site "Germany"]
[Date "2015.12.20"]
[Round "5.3"]
[White "Drawe, Thomas"]
[Black "Sinnwell, Horst"]
[Result "0-1"]
[WhiteElo "1870"]
[BlackElo "1995"]
[PlyCount "38"]
[EventDate "2015.09.06"]
[EventType "team-tourn"]
[EventRounds "9"]
[EventCountry "GER"]
[SourceTitle "EXT 2022"]
[Source "ChessBase"]
[SourceDate "2021.10.06"]
[SourceVersion "1"]
[SourceVersionDate "2021.10.06"]
[SourceQuality "1"]
[WhiteTeam "Altenessen"]
[BlackTeam "Kirchhellen SF"]
[WhiteTeamCountry "GER"]
[BlackTeamCountry "GER"]

1. c4 e6 2. g3 d5 3. Bg2 Nf6 4. Nf3 Be7 5. 0-0 0-0 6. d3 b6 7. Nc3 Bb7 8. Bf4 c5 9. Ne5 Nbd7 10. cxd5 Nxe5 11. Bxe5 Nxd5 12. e4 Nb4 13. Qg4 g6 14. Rfd1 Qc8 15. Nb5 Qc6 16. Na3 Rad8 17. Qe2 Ba6 18. Nc4 Nxd3 19. Rxd3 Bxc4 0-1

[Event "Ruhrgebiet Verbandsklasse Gruppe 3 1516"]
[Site "Germany"]
[Date "2015.11.29"]
[Round "4.4"]
[White "Drawe, Thomas"]
[Black "Delvos, Thorsten"]
[Result "1/2-1/2"]
[WhiteElo "1870"]
[BlackElo "1977"]
[PlyCount "74"]
[EventDate "2015.09.06"]
[EventType "team-tourn"]
[EventRounds "9"]
[EventCountry "GER"]
[SourceTitle "EXT 2022"]
[Source "ChessBase"]
[SourceDate "2021.10.06"]
[SourceVersion "1"]
[SourceVersionDate "2021.10.06"]
[SourceQuality "1"]
[WhiteTeam "Altenessen"]
[BlackTeam "Mengede SG"]
[WhiteTeamCountry "GER"]
[BlackTeamCountry "GER"]

1. c4 Nf6 2. g3 d5 3. cxd5 Nxd5 4. Bg2 g6 5. Nf3 Bg7 6. 0-0 0-0 7. a3 c5 8. Qc2 b6 9. Nc3 Bb7 10. Rb1 Nc6 11. e3 e5 12. Rd1 Rc8 13. Qa4 a6 14. Nxd5 Qxd5 15. Nd4 Qa2 16. Nxc6 Bxc6 17. Qc2 Ba4 18. Qxa4 Qxb1 19. Qxa6 Rb8 20. Qc4 b5 21. Be4 bxc4 22. Bxb1 Rfd8 23. Ba2 e4 24. Bxc4 Bxb2 25. Bxb2 Rxb2 26. a4 Rbxd2 27. Rxd2 Rxd2 28. a5 Rd1+ 29. Kg2 Ra1 30. a6 Kf8 31. Kh3 Ke7 32. Kg4 h6 33. Kf4 Ra4 34. Bb5 Ra5 35. Bc4 Ra4 36. Bb5 Ra5 37. Bc4 Ra4 1/2-1/2

[Event "NRW Verbandsklasse Group1 1314"]
[Site "Nordrheinwestfalen"]
[Date "2014.03.09"]
[Round "8"]
[White "Drawe, Thomas"]
[Black "Schrief, Benjamin"]
[Result "0-1"]
[WhiteElo "1869"]
[BlackElo "1770"]
[PlyCount "80"]
[EventDate "2013.09.08"]
[EventType "team-tourn"]
[EventRounds "9"]
[EventCountry "GER"]
[SourceTitle "EXT 2020"]
[Source "ChessBase"]
[SourceDate "2019.10.17"]
[SourceVersion "1"]
[SourceVersionDate "2019.10.17"]
[SourceQuality "1"]
[WhiteTeam "Altenessen"]
[BlackTeam "Koenigsspringer Haltern"]
[WhiteTeamCountry "GER"]
[BlackTeamCountry "GER"]

1. c4 e5 2. g3 Nf6 3. Bg2 c6 4. d3 d5 5. cxd5 Nxd5 6. Nf3 Bd6 7. 0-0 0-0 8. Nbd2 Re8 9. a3 Bg4 10. Qb3 Qd7 11. Nc4 Na6 12. e4 Nc5 13. Qc2 Nc7 14. Ncxe5 Bxe5 15. Nxe5 Rxe5 16. d4 Qxd4 17. Bf4 Qd3 18. Rac1 Qxc2 19. Rxc2 Nd3 20. Bxe5 Nxe5 21. f3 Be6 22. Rd1 Bb3 23. Rcd2 Bxd1 24. Rxd1 Kf8 25. f4 Nc4 26. Rd7 Rc8 27. Bh3 Nb6 28. Rd2 Re8 29. Bg2 Ke7 30. Kf2 Rd8 31. Rc2 Ne6 32. Ke3 Rd4 33. f5 Nc4+ 34. Ke2 Nc7 35. g4 f6 36. h3 h6 37. Bh1 Nb5 38. Kf3 Nbd6 39. Re2 Rd3+ 40. Kg2 Rd2 0-1

[Event "NRW Verbandsklasse Group1 1314"]
[Site "Nordrheinwestfalen"]
[Date "2013.12.15"]
[Round "5"]
[White "Drawe, Thomas"]
[Black "Dreesbach, Tobias"]
[Result "1-0"]
[WhiteElo "1869"]
[BlackElo "1823"]
[PlyCount "117"]
[EventDate "2013.09.08"]
[EventType "team-tourn"]
[EventRounds "9"]
[EventCountry "GER"]
[SourceTitle "EXT 2020"]
[Source "ChessBase"]
[SourceDate "2019.10.17"]
[SourceVersion "1"]
[SourceVersionDate "2019.10.17"]
[SourceQuality "1"]
[WhiteTeam "Altenessen"]
[BlackTeam "Ahlen SV II"]
[WhiteTeamCountry "GER"]
[BlackTeamCountry "GER"]

1. c4 Nf6 2. g3 g6 3. Bg2 Bg7 4. Nc3 0-0 5. d3 d6 6. Nf3 Nc6 7. 0-0 e5 8. Rb1 Ne8 9. Nd5 h6 10. h3 Be6 11. e4 f5 12. Nh4 Bxd5 13. cxd5 Ne7 14. Qc2 g5 15. Nxf5 Nxf5 16. exf5 Rxf5 17. d4 Rf7 18. dxe5 Bxe5 19. Qg6+ Bg7 20. f4 gxf4 21. Bxf4 Qf6 22. Qh5 Qd4+ 23. Kh2 Nf6 24. Qg6 Raf8 25. Bxh6 Nd7 26. Be4 Rf2+ 27. Rxf2 Rxf2+ 28. Kh1 Nf8 29. Qxg7+ Qxg7 30. Bxg7 Kxg7 31. Kg1 Re2 32. Bf3 Rc2 33. Re1 Kf6 34. Re2 Rc1+ 35. Kg2 Nd7 36. Re6+ Kf7 37. Bh5+ Kg8 38. Re8+ Nf8 39. h4 c6 40. Bf3 c5 41. h5 b5 42. g4 Rc2+ 43. Re2 Rxe2+ 44. Bxe2 c4 45. Kf3 Nd7 46. Kf4 Nf6 47. Bf3 a5 48. Kf5 Nd7 49. Be2 Ne5 50. Ke4 Kg7 51. g5 Nf7 52. Kf5 Ne5 53. h6+ Kh7 54. Bd1 b4 55. Bc2 Kg8 56. Ke6 Nf7 57. h7+ Kf8 58. g6 Nh8 59. Kf6 1-0

[Event "NRW Verbandsklasse Group1 1314"]
[Site "Nordrheinwestfalen"]
[Date "2013.11.03"]
[Round "3.6"]
[White "Drawe, Thomas"]
[Black "Schreiber, Alfred"]
[Result "1-0"]
[WhiteElo "1869"]
[BlackElo "1754"]
[PlyCount "105"]
[EventDate "2013.09.08"]
[EventType "team-tourn"]
[EventRounds "9"]
[EventCountry "GER"]
[SourceTitle "EXT 2020"]
[Source "ChessBase"]
[SourceDate "2019.10.17"]
[SourceVersion "1"]
[SourceVersionDate "2019.10.17"]
[SourceQuality "1"]
[WhiteTeam "Altenessen"]
[BlackTeam "Werne SK"]
[WhiteTeamCountry "GER"]
[BlackTeamCountry "GER"]

1. c4 c5 2. g3 g6 3. Bg2 Nc6 4. Nc3 Bg7 5. e3 e5 6. a3 Nge7 7. Nge2 0-0 8. 0-0 d6 9. Rb1 b6 10. b4 Rb8 11. Qa4 Qd7 12. Rd1 Nd8 13. b5 f5 14. Bb2 a6 15. d4 axb5 16. Qxb5 exd4 17. exd4 Qa7 18. Nd5 Kh8 19. dxc5 Nxd5 20. Bxd5 dxc5 21. Nf4 Bxb2 22. Qxb2+ Qg7 23. a4 g5 24. Nd3 Be6 25. Qxg7+ Kxg7 26. Nxc5 Bxd5 27. cxd5 Rf7 28. Ne6+ Nxe6 29. dxe6 Re7 30. Rd6 Kf6 31. Rbxb6 Rxb6 32. Rxb6 Ra7 33. a5 Rxa5 34. e7+ Kxe7 35. Rh6 f4 36. Rxh7+ Kf6 37. g4 Ke5 38. Kg2 Ke4 39. Re7+ Kd3 40. Kf3 Rd5 41. Re8 Kd2 42. Rf8 Rd3+ 43. Kg2 Rd7 44. Rf5 Rg7 45. Re5 Kd3 46. Kf3 Kd4 47. Rf5 Rh7 48. Rxg5 Rxh2 49. Rh5 Rxh5 50. gxh5 Ke5 51. Kg4 f3 52. Kg5 Ke6 53. Kg6 1-0

[Event "NRW Verbandsklasse Group1 1314"]
[Site "Nordrheinwestfalen"]
[Date "2013.10.13"]
[Round "2.5"]
[White "Drawe, Thomas"]
[Black "Fischoeder, Heiko"]
[Result "1-0"]
[WhiteElo "1869"]
[BlackElo "1978"]
[PlyCount "93"]
[EventDate "2013.09.08"]
[EventType "team-tourn"]
[EventRounds "9"]
[EventCountry "GER"]
[SourceTitle "EXT 2020"]
[Source "ChessBase"]
[SourceDate "2019.10.17"]
[SourceVersion "1"]
[SourceVersionDate "2019.10.17"]
[SourceQuality "1"]
[WhiteTeam "Altenessen"]
[BlackTeam "Unser Fritz"]
[WhiteTeamCountry "GER"]
[BlackTeamCountry "GER"]

1. c4 e5 2. g3 Nc6 3. Bg2 f5 4. d3 Bb4+ 5. Bd2 Bxd2+ 6. Qxd2 Nf6 7. Nc3 0-0 8. Nf3 d6 9. Ng5 h6 10. h4 Ne7 11. 0-0-0 c6 12. Nh3 Be6 13. b3 d5 14. cxd5 cxd5 15. d4 e4 16. Nf4 Bf7 17. f3 Rc8 18. Kb2 Qd7 19. Bh3 Rfd8 20. Rhg1 h5 21. Rg2 Rc7 22. fxe4 Nxe4 23. Nxe4 dxe4 24. Rgg1 Rdc8 25. Rc1 Nd5 26. Nxd5 Qxd5 27. e3 g6 28. Rxc7 Rxc7 29. Rc1 Rc6 30. Rxc6 bxc6 31. Qb4 Qd8 32. Qc5 Qc7 33. Qe5 Qxe5 34. dxe5 c5 35. Bf1 Kf8 36. Kc3 Ke7 37. Bc4 Bxc4 38. Kxc4 Ke6 39. Kxc5 Kxe5 40. Kc4 Kf6 41. Kd5 g5 42. Kd4 f4 43. exf4 gxh4 44. gxh4 Kf5 45. Ke3 Kg4 46. Kxe4 Kxh4 47. Kf3 1-0

[Event "Ruhrgebiet VK1 1213"]
[Site "Nordrheinwestfalen"]
[Date "2013.04.07"]
[Round "8"]
[White "Schwammbach, Frank"]
[Black "Drawe, Thomas"]
[Result "0-1"]
[WhiteElo "1784"]
[BlackElo "1865"]
[PlyCount "74"]
[EventDate "2012.09.02"]
[EventType "team-tourn"]
[EventRounds "9"]
[EventCountry "GER"]
[SourceTitle "EXT 2020"]
[Source "ChessBase"]
[SourceDate "2019.10.17"]
[SourceVersion "1"]
[SourceVersionDate "2019.10.17"]
[SourceQuality "1"]
[WhiteTeam "Waltrop SV"]
[BlackTeam "Altenessen"]
[WhiteTeamCountry "GER"]
[BlackTeamCountry "GER"]

1. d4 Nf6 2. c4 e6 3. Nf3 b6 4. e3 Bb7 5. a3 a6 6. Nc3 d5 7. Bd3 Be7 8. 0-0 0-0 9. b3 c5 10. cxd5 exd5 11. Bb2 Nc6 12. Be2 Re8 13. Rc1 Rc8 14. Na4 Ne4 15. Bd3 cxd4 16. Nxd4 Ne5 17. Bxe4 dxe4 18. Nf5 Rxc1 19. Nxe7+ Qxe7 20. Bxc1 b5 21. Nc3 Nd3 22. b4 Rd8 23. Qc2 Rc8 24. Qb3 Qf6 25. Bd2 Rc4 26. Qa2 h5 27. Ne2 h4 28. h3 g5 29. Qb1 Bc8 30. f3 Qe5 31. Nd4 Bxh3 32. f4 gxf4 33. gxh3 f3 34. Rxf3 exf3 35. Kf1 Rxd4 36. exd4 Qe2+ 37. Kg1 Qg2# 0-1

[Event "Ruhrgebiet VK1 1213"]
[Site "Nordrheinwestfalen"]
[Date "2013.02.24"]
[Round "7.6"]
[White "Regber, Karl Heinz"]
[Black "Drawe, Thomas"]
[Result "0-1"]
[WhiteElo "1470"]
[BlackElo "1865"]
[PlyCount "92"]
[EventDate "2012.09.02"]
[EventType "team-tourn"]
[EventRounds "9"]
[EventCountry "GER"]
[SourceTitle "EXT 2020"]
[Source "ChessBase"]
[SourceDate "2019.10.17"]
[SourceVersion "1"]
[SourceVersionDate "2019.10.17"]
[SourceQuality "1"]
[WhiteTeam "Rochade Eving"]
[BlackTeam "Altenessen"]
[WhiteTeamCountry "GER"]
[BlackTeamCountry "GER"]

1. e4 c5 2. Nf3 d6 3. Bb5+ Bd7 4. Bxd7+ Qxd7 5. 0-0 Nf6 6. Re1 e5 7. c3 Nc6 8. d4 cxd4 9. cxd4 Be7 10. Nc3 0-0 11. d5 Nd8 12. h3 Ne8 13. Ne2 f5 14. exf5 Qxf5 15. Ng3 Qf7 16. Be3 Nf6 17. Nf5 Re8 18. Nxe7+ Rxe7 19. Bg5 Rc7 20. Bxf6 Qxf6 21. Rc1 Rac8 22. Rxc7 Rxc7 23. Qa4 b6 24. Qe4 Nf7 25. Qg4 Kf8 26. Qe6 Qxe6 27. dxe6 Nd8 28. Rd1 Ke7 29. Ng5 h6 30. Nf7 Nxf7 31. exf7 Rd7 32. f4 e4 33. g4 Kxf7 34. Rd5 Ke6 35. Rd4 d5 36. Kf2 g5 37. f5+ Ke5 38. Rb4 h5 39. Rb5 hxg4 40. hxg4 Kf4 41. f6 Kxg4 42. Ke3 a6 43. Rxb6 Kf5 44. Rxa6 d4+ 45. Ke2 g4 46. f7 Rxf7 0-1

[Event "Ruhrgebiet VK1 1213"]
[Site "Nordrheinwestfalen"]
[Date "2013.01.13"]
[Round "5.6"]
[White "Kalkhoff, Thomas"]
[Black "Drawe, Thomas"]
[Result "1/2-1/2"]
[WhiteElo "1801"]
[BlackElo "1865"]
[PlyCount "86"]
[EventDate "2012.09.02"]
[EventType "team-tourn"]
[EventRounds "9"]
[EventCountry "GER"]
[SourceTitle "EXT 2020"]
[Source "ChessBase"]
[SourceDate "2019.10.17"]
[SourceVersion "1"]
[SourceVersionDate "2019.10.17"]
[SourceQuality "1"]
[WhiteTeam "Weisse Dame Borbeck II"]
[BlackTeam "Altenessen"]
[WhiteTeamCountry "GER"]
[BlackTeamCountry "GER"]

1. e4 c5 2. d4 cxd4 3. c3 d3 4. Bxd3 d6 5. Be3 Nf6 6. Nf3 Nc6 7. h3 g6 8. 0-0 Bg7 9. Qd2 0-0 10. Na3 Re8 11. Rad1 Nd7 12. Nd4 Nde5 13. Be2 a6 14. f4 Nd7 15. Nac2 Qc7 16. Nxc6 bxc6 17. Bd4 Bb7 18. Bf3 Rad8 19. Qf2 Qa5 20. a3 Qc7 21. Bxg7 Kxg7 22. Nd4 c5 23. Ne2 Nf6 24. Ng3 Rb8 25. Rfe1 Nd7 26. h4 Bc6 27. h5 Rb3 28. Rd2 Reb8 29. Bd1 R3b7 30. b4 cxb4 31. cxb4 Qb6 32. hxg6 Qxf2+ 33. Rxf2 hxg6 34. Rfe2 a5 35. bxa5 Ra8 36. Re3 Rxa5 37. Bf3 Rb2 38. Rc3 Nc5 39. e5 Bxf3 40. Rxf3 dxe5 41. Rxe5 e6 42. Ne4 Nb7 43. Rxa5 Nxa5 1/2-1/2

[Event "Ruhrgebiet VK1 1213"]
[Site "Nordrheinwestfalen"]
[Date "2012.12.02"]
[Round "4.6"]
[White "Drawe, Thomas"]
[Black "Lang, Daniel"]
[Result "1/2-1/2"]
[WhiteElo "1865"]
[BlackElo "1990"]
[PlyCount "20"]
[EventDate "2012.09.02"]
[EventType "team-tourn"]
[EventRounds "9"]
[EventCountry "GER"]
[SourceTitle "EXT 2020"]
[Source "ChessBase"]
[SourceDate "2019.10.17"]
[SourceVersion "1"]
[SourceVersionDate "2019.10.17"]
[SourceQuality "1"]
[WhiteTeam "Altenessen"]
[BlackTeam "Wattenscheid SV IV"]
[WhiteTeamCountry "GER"]
[BlackTeamCountry "GER"]

1. Nf3 d5 2. b3 Nf6 3. Bb2 c5 4. e3 Nc6 5. Be2 Bf5 6. a3 a6 7. d4 e6 8. 0-0 Rc8 9. c4 cxd4 10. exd4 Be7 1/2-1/2

[Event "Ruhrgebiet VK2 0910"]
[Site "Ruhrgebiet"]
[Date "2009.11.08"]
[Round "3.7"]
[White "Behn, Juergen"]
[Black "Drawe, Thomas"]
[Result "0-1"]
[WhiteElo "1794"]
[BlackElo "2069"]
[PlyCount "110"]
[EventDate "2009.09.06"]
[EventType "team"]
[EventRounds "9"]
[EventCountry "GER"]
[SourceTitle "EXT 2011"]
[Source "ChessBase"]
[SourceDate "2010.11.26"]
[SourceVersion "1"]
[SourceVersionDate "2010.11.26"]
[SourceQuality "1"]
[WhiteTeam "Unna SV"]
[BlackTeam "Altenessen"]
[WhiteTeamCountry "GER"]
[BlackTeamCountry "GER"]

1. e4 d6 2. d4 Nf6 3. Bd3 e5 4. d5 Be7 5. Ne2 c6 6. c4 Nbd7 7. a4 Nc5 8. Nbc3 Qa5 9. 0-0 0-0 10. Bc2 cxd5 11. Nxd5 Nxd5 12. exd5 Qc7 13. Ng3 f5 14. Qh5 g6 15. Qd1 f4 16. Nh1 a5 17. b3 Bf5 18. f3 Qb6 19. Nf2 Bxc2 20. Qxc2 Qxb3 21. Qxb3 Nxb3 22. Rb1 Nc5 23. Ba3 Rfc8 24. Bxc5 Rxc5 25. Rxb7 Kf8 26. g3 Rxc4 27. gxf4 exf4 28. Re1 Re8 29. Kg2 Rxa4 30. Kh3 Rd4 31. Rb5 a4 32. Ra5 Bd8 33. Rxe8+ Kxe8 34. Ra6 Kd7 35. Ne4 Rxd5 36. Rxa4 Rd3 37. Kg4 g5 38. Ra7+ Kc6 39. Rxh7 d5 40. Rh6+ Kb5 41. Nd6+ Kb4 42. Nf7 Be7 43. Ne5 Re3 44. Nc6+ Kc3 45. Nxe7 Rxe7 46. Kxg5 Rf7 47. Rd6 Kd4 48. Re6 Kc5 49. h4 d4 50. Re5+ Kc4 51. Re4 Kc3 52. h5 d3 53. Re8 Rd7 54. Kxf4 d2 55. Re3+ Kc4 0-1

[Event "Ruhrgebiet VK2 0708"]
[Site "Germany"]
[Date "2008.03.09"]
[Round "7.1"]
[White "Kunisch, Siegfried"]
[Black "Drawe, Thomas"]
[Result "1-0"]
[WhiteElo "2109"]
[BlackElo "2058"]
[PlyCount "41"]
[EventDate "2007.09.16"]
[EventType "team"]
[EventRounds "9"]
[EventCountry "GER"]
[SourceTitle "EXT 2009"]
[Source "ChessBase"]
[SourceDate "2008.11.26"]
[SourceVersion "1"]
[SourceVersionDate "2008.11.26"]
[SourceQuality "1"]
[WhiteTeam "Listiger Bauer"]
[BlackTeam "Altenessen II"]
[WhiteTeamCountry "GER"]
[BlackTeamCountry "GER"]

1. e4 d6 2. f4 Nf6 3. d3 g6 4. Nf3 Bg7 5. g3 Nbd7 6. e5 Ng4 7. e6 Ndf6 8. Ng5 fxe6 9. Qe2 h5 10. Bg2 c6 11. d4 Qa5+ 12. Nd2 e5 13. fxe5 dxe5 14. 0-0 Qb6 15. Kh1 Qxd4 16. Ngf3 Qc5 17. Nh4 Rh6 18. h3 Bd7 19. hxg4 hxg4 20. Ne4 Nxe4 21. Bxe4 1-0

[Event "Ruhrgebiet VK2 0708"]
[Site "Germany"]
[Date "2008.02.17"]
[Round "6.4"]
[White "Nowicki, Heiko"]
[Black "Drawe, Thomas"]
[Result "1-0"]
[WhiteElo "2064"]
[BlackElo "2058"]
[PlyCount "69"]
[EventDate "2007.09.16"]
[EventType "team"]
[EventRounds "9"]
[EventCountry "GER"]
[SourceTitle "EXT 2009"]
[Source "ChessBase"]
[SourceDate "2008.11.26"]
[SourceVersion "1"]
[SourceVersionDate "2008.11.26"]
[SourceQuality "1"]
[WhiteTeam "Laufer Wanne"]
[BlackTeam "Altenessen II"]
[WhiteTeamCountry "GER"]
[BlackTeamCountry "GER"]

1. e4 d6 2. d4 Nf6 3. Nc3 c6 4. f4 Qa5 5. e5 Ne4 6. Bd3 Nxc3 7. Qd2 Qd5 8. bxc3 Bg4 9. Qf2 c5 10. Nf3 c4 11. Be2 Bf5 12. 0-0 Qa5 13. Qe3 d5 14. Nh4 Bxc2 15. f5 Nc6 16. e6 f6 17. Bh5+ g6 18. fxg6 0-0-0 19. Nf5 Bxf5 20. Rxf5 hxg6 21. Bxg6 Bh6 22. Qf3 Bxc1 23. Rxc1 Qxa2 24. Rxd5 Rxd5 25. Qxd5 Qd2 26. Qd7+ Kb8 27. Rb1 Na5 28. Be8 a6 29. Qd8+ Ka7 30. Qb6+ Kb8 31. Qd8+ Ka7 32. Qxa5 Qe3+ 33. Kh1 Rxh2+ 34. Kxh2 Qf4+ 35. Kh1 1-0

[Event "Ruhrgebiet VK3 0304"]
[Site "Ruhrgebiet"]
[Date "2004.02.08"]
[Round "6.4"]
[White "Drawe, Thomas"]
[Black "Strathoff, Dirk"]
[Result "0-1"]
[WhiteElo "1883"]
[BlackElo "1909"]
[PlyCount "54"]
[EventDate "2003.09.28"]
[EventType "team"]
[EventRounds "9"]
[EventCountry "GER"]
[SourceTitle "EXT 2007"]
[Source "ChessBase"]
[SourceDate "2006.11.23"]
[SourceVersion "1"]
[SourceVersionDate "2006.11.23"]
[SourceQuality "1"]
[WhiteTeam "Altenessen II"]
[BlackTeam "Brackel II"]
[WhiteTeamCountry "GER"]
[BlackTeamCountry "GER"]

1. Nf3 c5 2. g3 Nc6 3. Bg2 d5 4. d3 Nf6 5. 0-0 e5 6. c3 Be7 7. Nbd2 0-0 8. e4 dxe4 9. dxe4 Qd3 10. Re1 Rd8 11. Qb3 h6 12. Bf1 Qd6 13. Nc4 Qc7 14. Qc2 Bg4 15. Bg2 Be6 16. Ne3 c4 17. Nh4 Bc5 18. h3 Rd3 19. b3 Bxe3 20. Bxe3 Qa5 21. b4 Qa3 22. Rac1 Rad8 23. f4 Bxh3 24. b5 Bxg2 25. Kxg2 Ne7 26. Kf3 Qd6 27. f5 Nxe4 0-1